• 首页
  • 本馆介绍
  • 公告通知
  • 最新文献
  • 馆藏检索
  • 电子资源
  • 读者导购
  • 参考咨询
  • 我的图书馆
  • 登录
  • 详细信息显示
  • 放入我的书架
  • 预约/预借图书
  • 作者相关作品
  • 分类相关作品
  • 丛书相关作品
  • 出版社相关作品

书目信息

  • 表格格式
  • 工作单格式
  • 卡片格式
题名:
王舍人诗集
    
 
作者: (明)王绂 撰
分册:  
出版信息: 北京   中国书店  2018.5
页数: 368页
开本: 27cm
丛书名:
单 册:
中图分类: I222.748
科图分类:
主题词: 古典诗歌--诗集--中国--明代
电子资源:
ISBN: 978-7-5149-2118-2
000 00918nam0 2200229 45
001 012001004600
005 20180929092557.70
010    @a978-7-5149-2118-2@dCNY88.00
100    @a20180512d2018 em y0chiy0110 ea
101 0  @achi
102    @aCN@b110000
105    @ay z 000yy
106    @ar
200 1  @a王舍人诗集@9wang she ren shi ji@f(明)王绂撰
210    @a北京@c中国书店@d2018.5
215    @a368页@d27cm
330    @a《王舍人诗集》五卷,明王绂撰。集为其子默所编,又名《友石山房稿》。前有曾棨、王进《序》,后附章昞如、胡广等所作《行状》、《墓表》。绂博学工书画,所作山水竹石,风韵潇洒,妙绝一时,说者谓可继其乡倪瓒。其诗虽结体稍弱,而清雅有馀,盖其神思本清,故虽长篇短什,随意濡染,不尽计其工拙,而摆落尘氛,自然合度。
606 0  @a古典诗歌@x诗集@y中国@x明代
690    @aI222.748@v5
701  0 @a(明)王绂@9( ming ) wang fu@4撰
801  0 @aCN@b上海新华@c20180901
905    @b1166561-5@dI222.748@e685@f5
    
    王舍人诗集/(明)王绂撰.-北京:中国书店,2018.5
    368页;27cm
    
    
    ISBN 978-7-5149-2118-2:CNY88.00
    《王舍人诗集》五卷,明王绂撰。集为其子默所编,又名《友石山房稿》。前有曾棨、王进《序》,后附章昞如、胡广等所作《行状》、《墓表》。绂博学工书画,所作山水竹石,风韵潇洒,妙绝一时,说者谓可继其乡倪瓒。其诗虽结体稍弱,而清雅有馀,盖其神思本清,故虽长篇短什,随意濡染,不尽计其工拙,而摆落尘氛,自然合度。
●
相关链接 在E读中查询图书 在五车中查询图书 在当当中查询图书 在豆瓣中查询图书


正题名:王舍人诗集     索取号:I222.748/685         预约/预借

序号 登录号 条形码 馆藏地/架位号 状态 备注
1 1166561   211665615   第一样本阅览室/ [索取号:I222.748/685] 在馆    
2 1166562   211665624   第二借阅区/ [索取号:I222.748/685] 在馆    
3 1166563   211665633   第二借阅区/ [索取号:I222.748/685] 在馆    
4 1166564   211665642   密集书库-文学院/ [索取号:I222.748/685] 在馆    
5 1166565   211665651   第二借阅区/ [索取号:I222.748/685] 在馆    
唐山师范学院图书馆 欢迎您!
大连网信软件有限公司© 版权所有